000 00664nam a2200193 i 4500
001 25816
003 ES-MaACL
005 20260115063024.0
007 t|
008 030103s1947 sp ||||1| spa d
100 1 _aAreilza, José María de,
_d1909-1998
_922575
245 1 0 _aEmbajadores sobre España /
_cJosé María de Areilza ; prólogo de Gregorio Marañon Moya.
260 _aMadrid :
_bInstituto de Estudios Políticos,
_c1947.
300 _a272 p. ;
_c20 cm.
700 1 _aMarañón, Gregorio,
_d1914-2002
_976314
710 2 _aInstituto de Estudios Políticos (Madrid)
_94924
852 _aES-MaACL
_jE-2223
_bR.23459
999 _c25816
_d25816